000 00433nam a2200181 a 4500
001 1772446938329
003 YourLibrary
005 20260302155321.0
008 260302s2009##################000#0#eng##
020 _a9780415498425
082 0 4 _a327
_bSIM
100 1 _aAuthors, Various,
_eauthor.
245 1 0 _aTsur 51. 5 :
260 _c2009.
650 0 _aHistory.
942 _cENGLISH
040 _aYourLibrary
_beng
_cYourLibrary
999 _c616509
_d616509